1603 1444 1033 1503 1749 1955 1055 1510 1952 1027 1072 1610 1200 1572 1922 1745 1703 1931 1364 1701 1397 1298 1491 1488 1366 1659 1139 1430 1768 1938 1948 1214 1871 1387 1579 1347 1742 1428 1453 1675 1432 1258 1602 1913 1690 1059 1532 1289 1419 1636 1763 1973 1629 1738 1317 1902 1747 1321 1848 1718 1083 1176 1050 1016 1140 1467 1636 1408 1841 1347 1559 1908 1409 1653 1462 1795 1148 1159 1437 1668 1828 1481 1575 1730 1035 1574 1326 1900 1710 1992 1924 1716 1759 1270 1050 1773 1074 1342 1143 BCNSPRNW ULIB Ver.6.0+V

เปลี่ยนเป็นภาษาไทย

Change to English
 แสดงรายละเอียดบรรณานุกรม
  กลับหน้าหลัก

Brief Record : Get Marc (ISO 2709) : E-mail record : QR code < ปิดหน้าต่าง
LEADER : 00000nam 2200000uu 4500
001    13399114918
003     ULIB
008    120621s2548||||th 000 0 tha d
020    ^a9744725109
050  4 ^aQC21.2^bK111ฟ 2548
100 1  ^aจอห์นสัน, คีท
245 10 ^aฟิสิกส์ หลักสูตรแห่งชาติระดับมัธยมศึกษา (GCSE) ของประเทศอังกฤษ /^cคีท จอห์นสัน, แปลโดยประมวล ศิริผันแก้ว
246 13 ^aPhysic for you
250    ^aพิมพ์ครั้งที่ 6
260    ^aกรุงเทพฯ :^bนานมีบุ๊คส์พับลิเคชั่นส์,^c2548
300    ^a384 หน้า :^bภาพประกอบสี ;^c25 ซม.
500    ^aหนังสือเสริมเพื่อการเรียนวิทยาศาสตร์ระดับมัธยมศึกษา
500    ^aแปลจาก Physic for you by Keith and Ann Johnson
650  4 ^aฟิสิกส์
700 1  ^aJohnson, Keith
700 0  ^aประมวล ศิริผันแก้ว,^eผู้แปล
945    ^p450^l0^i14802
995    ^aกัณชพร
999 ^a ใช้งานได้ทุกระบบ
รายการนี้ยังไม่มีแท็ก
คุณยังไม่ได้ล็อกอิน คุณสามารถมีกิจกรรมร่วมกับเว็บไซต์ได้ แต่ต้องล็อกอินก่อน ::
  ล็อกอิน

รายการสื่อสารสนเทศ

ลำดับที่ ประเภท เลขเรียก/บาร์โค้ด สถานที่ สถานะ
- ไม่พบข้อมูล -

รายการใกล้เคียง
    ผู้แต่ง [จอห์นสัน, คีท]

    หัวเรื่อง [ฟิสิกส์]

BibComment


ยังไม่เคยถูกคอมเมนท์

คอมเมนท์ทรัพยากรรายการนี้
  คอมเมนท์: ฟิสิกส์ หลักสูตร..


 Copyright 2026. Bcnsprnw @Library